[Event "LTU-chT"]
[Site "Lithuania"]
[Date "2021.05.16"]
[Round "7.4"]
[White "Tamosiunas, Tomas"]
[Black "Scekaciov, Rostislav"]
[Result "1-0"]
[WhiteElo "1947"]
[BlackElo "1553"]
[PlyCount "79"]
[EventDate "2021.05.07"]
[EventType "team-swiss"]
[EventRounds "7"]
[EventCountry "LTU"]
[SourceTitle "CBM 202 Extra"]
[Source "ChessBase"]
[SourceDate "2021.07.31"]
[SourceVersion "1"]
[SourceVersionDate "2021.07.31"]
[SourceQuality "1"]
[WhiteTeam "Kaunas Margiris"]
[BlackTeam "Klaipeda Klaipedos"]
[WhiteTeamCountry "LTU"]
[BlackTeamCountry "LTU"]

1. e4 c6 2. d4 d5 3. exd5 cxd5 4. c4 e6 5. Nc3 Nf6 6. Nf3 Be7 7. Bd3 0-0 8. 0-0 Nbd7 9. Bg5 h6 10. Bh4 dxc4 11. Bxc4 Nb6 12. Bb3 Bd7 13. Ne5 Rc8 14. Qe2 Bc6 15. Rfd1 Nbd5 16. Nxc6 Rxc6 17. Nxd5 exd5 18. Rac1 Rxc1 19. Rxc1 Qd7 20. h3 Rd8 21. Re1 Bb4 22. Bxf6 gxf6 23. Rd1 Re8 24. Qh5 Kg7 25. Bxd5 Re1+ 26. Rxe1 Bxe1 27. g3 Bb4 28. Kg2 Bd6 29. Bb3 Bc7 30. Qf3 Bb6 31. d5 Bc7 32. Bc2 Be5 33. Qe4 Kf8 34. Qb4+ Bd6 35. Qh4 Kg7 36. Qe4 Be5 37. Qh7+ Kf8 38. Qxh6+ Ke7 39. Qd2 Bxb2 40. Qb4+ 1-0

[Event "Kaunas Amateur-ch"]
[Site "Kaunas"]
[Date "2018.08.18"]
[Round "2"]
[White "Kruzinauskas, Stasys"]
[Black "Tamosiunas, Tomas"]
[Result "0-1"]
[WhiteElo "1682"]
[BlackElo "1997"]
[PlyCount "66"]
[EventDate "2018.08.18"]
[EventType "swiss"]
[EventRounds "8"]
[EventCountry "LTU"]
[SourceTitle "CBM 186 Extra"]
[Source "ChessBase"]
[SourceDate "2018.08.24"]
[SourceVersion "1"]
[SourceVersionDate "2018.08.24"]
[SourceQuality "1"]

1. d4 Nf6 2. c4 e6 3. e3 b6 4. Be2 Bb7 5. Bf3 d5 6. b3 Ne4 7. Ne2 Nd7 8. Bb2 Ndf6 9. 0-0 Be7 10. Nd2 Ng5 11. Rc1 Nxf3+ 12. Nxf3 0-0 13. Ng3 Ne4 14. Nd2 f5 15. f4 Nxd2 16. Qxd2 Rc8 17. c5 Qe8 18. a4 h5 19. Qe2 h4 20. Nh1 Bc6 21. Rf3 Rb8 22. Nf2 bxc5 23. Qc2 c4 24. Qc3 Rxb3 25. Qd2 Qb8 26. Bc3 Rb1 27. g3 Ba3 28. Rf1 Rxf1+ 29. Kxf1 Qb1+ 30. Kg2 Bxa4 31. gxh4 Qc2 32. Qe1 Qc1 33. Qe2 Qxc3 0-1

[Event "Kaunas Amateur-ch"]
[Site "Kaunas"]
[Date "2018.08.18"]
[Round "1"]
[White "Tamosiunas, Tomas"]
[Black "Ziukas, Saulius"]
[Result "1-0"]
[WhiteElo "1997"]
[BlackElo "1177"]
[PlyCount "23"]
[EventDate "2018.08.18"]
[EventType "swiss"]
[EventRounds "8"]
[EventCountry "LTU"]
[SourceTitle "CBM 186 Extra"]
[Source "ChessBase"]
[SourceDate "2018.08.24"]
[SourceVersion "1"]
[SourceVersionDate "2018.08.24"]
[SourceQuality "1"]

1. e4 c5 2. Nf3 e6 3. d4 cxd4 4. Nxd4 b6 5. Nb5 Nf6 6. N1c3 Nc6 7. Bf4 e5 8. Bg5 d6 9. Nd5 a6 10. Nbc7+ Kd7 11. Bxf6 gxf6 12. Qg4+ 1-0

[Event "LTU-chT"]
[Site "Lithuania"]
[Date "2017.01.29"]
[Round "2.6"]
[White "Grybas, Gintaras"]
[Black "Tamosiunas, Tomas"]
[Result "1-0"]
[WhiteElo "2028"]
[BlackElo "2072"]
[PlyCount "139"]
[EventDate "2017.01.28"]
[EventType "team-swiss"]
[EventRounds "7"]
[EventCountry "LTU"]
[SourceTitle "CBM 176 Extra"]
[Source "ChessBase"]
[SourceDate "2017.03.02"]
[SourceVersion "1"]
[SourceVersionDate "2017.03.02"]
[SourceQuality "1"]
[WhiteTeam "LASF"]
[BlackTeam "Kaunas LSM"]
[WhiteTeamCountry "LTU"]
[BlackTeamCountry "LTU"]

1. d4 Nf6 2. c4 c5 3. dxc5 e6 4. Nc3 Bxc5 5. Nf3 0-0 6. e3 b6 7. Be2 Bb7 8. 0-0 d5 9. cxd5 Nxd5 10. Nxd5 Bxd5 11. Bd2 Nd7 12. Bc3 Nf6 13. Nd2 Rc8 14. Bf3 Bxf3 15. Nxf3 Ne4 16. Rc1 Qe7 17. Qa4 Qb7 18. Rfd1 b5 19. Qb3 a6 20. a4 Qa7 21. Bd4 Bxd4 22. Nxd4 Rxc1 23. Rxc1 Nc5 24. Qa3 b4 25. Qa2 Nd3 26. Rd1 Qc5 27. Qb3 Ne5 28. h3 Rc8 29. f4 Nc4 30. Rc1 h6 31. Qd3 b3 32. Nxb3 Qd5 33. Qxd5 exd5 34. Nd2 Rb8 35. Nxc4 dxc4 36. Rxc4 Rxb2 37. Rc8+ Kh7 38. Re8 Ra2 39. Re4 g6 40. Kh2 Kg7 41. Kg3 Ra3 42. Kf3 Ra2 43. Rc4 h5 44. g4 hxg4+ 45. hxg4 a5 46. g5 Kf8 47. Ke4 Ra3 48. Kd4 Ke7 49. e4 Ke6 50. Rc6+ Ke7 51. Ke5 Rxa4 52. f5 gxf5 53. exf5 Rg4 54. Ra6 Rxg5 55. Ra7+ Kd8 56. Kd6 Kc8 57. Rxa5 Rg1 58. Ke7 Rg7 59. Rc5+ Kb7 60. Kf8 Rh7 61. Kg8 Rh5 62. Kxf7 Kb6 63. Kg6 Rh1 64. Rc2 Rf1 65. f6 Rg1+ 66. Kf7 Kb7 67. Kf8 Kb8 68. f7 Kb7 69. Rf2 Kc7 70. Ke7 1-0

[Event "WchT Amateur"]
[Site "Kaunas"]
[Date "2016.11.22"]
[Round "3.3"]
[White "Tamosiunas, Tomas"]
[Black "Gudeika, Dalius"]
[Result "1-0"]
[WhiteElo "2061"]
[BlackElo "1987"]
[PlyCount "93"]
[EventDate "2016.11.20"]
[EventType "team-swiss"]
[EventRounds "9"]
[EventCountry "LTU"]
[SourceTitle "CBM 175 Extra"]
[Source "ChessBase"]
[SourceDate "2016.12.12"]
[SourceVersion "1"]
[SourceVersionDate "2016.12.12"]
[SourceQuality "1"]
[WhiteTeam "Lithuania VDU"]
[BlackTeam "Lithuania KTU"]
[WhiteTeamCountry "LTU"]
[BlackTeamCountry "LTU"]

1. e4 e5 2. Nf3 Nf6 3. Nxe5 d6 4. Nf3 Nxe4 5. d4 Be7 6. Bd3 Ng5 7. h4 Nxf3+ 8. Qxf3 d5 9. Bf4 Bd6 10. Bg5 Be7 11. Bf4 Bd6 12. Nc3 c6 13. 0-0-0 0-0 14. Bg5 Qa5 15. Qh5 f5 16. g4 Na6 17. Bxf5 Bxf5 18. gxf5 Rxf5 19. Qg4 Raf8 20. Rhg1 Qc7 21. Kb1 Qf7 22. Bh6 g6 23. Bxf8 Kxf8 24. a3 b5 25. Na2 Ke7 26. Nc1 Rxf2 27. Rde1+ Kd8 28. Nd3 Rf5 29. Ne5 Qc7 30. Rgf1 Rxf1 31. Rxf1 Bxe5 32. Qg5+ Qe7 33. dxe5 Qxg5 34. hxg5 Ke7 35. Rh1 Ke6 36. Rxh7 Kxe5 37. Rf7 Nc5 38. Rf6 Ne6 39. Rxg6 c5 40. Rg8 a5 41. Re8 Kf5 42. g6 b4 43. a4 Ng7 44. Rc8 Ne6 45. Rxc5 Kxg6 46. Rxd5 Kf6 47. Rxa5 1-0

[Event "Kaunas Butnorius 70 op"]
[Site "Kaunas"]
[Date "2016.08.05"]
[Round "7"]
[White "Tamosiunas, Tomas"]
[Black "Mishuchkov, Nikolai Mikhailovic"]
[Result "1/2-1/2"]
[WhiteElo "2052"]
[BlackElo "2317"]
[PlyCount "97"]
[EventDate "2016.08.01"]
[EventType "swiss"]
[EventRounds "9"]
[EventCountry "LTU"]
[SourceTitle "CBM 173 Extra"]
[Source "ChessBase"]
[SourceDate "2016.08.29"]
[SourceVersion "1"]
[SourceVersionDate "2016.08.29"]
[SourceQuality "1"]

1. e4 c5 2. Nf3 e6 3. d4 cxd4 4. Nxd4 Nc6 5. Nc3 a6 6. Be2 d6 7. 0-0 Nf6 8. Be3 Be7 9. a4 0-0 10. f4 e5 11. Nb3 exf4 12. Rxf4 Be6 13. Nd4 Nxd4 14. Bxd4 Nd7 15. Rf1 Ne5 16. Nd5 Bxd5 17. exd5 Bf6 18. a5 Re8 19. Kh1 Nd7 20. Bf3 Rc8 21. c3 Bxd4 22. Qxd4 Ne5 23. b3 Qc7 24. c4 Re7 25. Qh4 Ng6 26. Qd4 Ne5 27. Bd1 Rce8 28. Bc2 g6 29. h3 f5 30. Qh4 Qc5 31. Qg3 Rg7 32. Rfe1 Rf8 33. Qe3 Qxe3 34. Rxe3 Rc7 35. Rc3 Rfc8 36. Bd1 Kg7 37. Be2 Nd7 38. Re3 Nf6 39. Bf3 Ne4 40. Bxe4 Re8 41. Rae1 Rce7 42. c5 Rxe4 43. cxd6 Kf7 44. Rxe4 fxe4 45. d7 Rd8 46. Rxe4 Rxd7 47. Rd4 Kf6 48. Rb4 Ke5 49. Rb6 1/2-1/2

[Event "Kaunas Butnorius 70 op"]
[Site "Kaunas"]
[Date "2016.08.01"]
[Round "1"]
[White "Makulavicius, Danielius"]
[Black "Tamosiunas, Tomas"]
[Result "0-1"]
[WhiteElo "1418"]
[BlackElo "2052"]
[PlyCount "86"]
[EventDate "2016.08.01"]
[EventType "swiss"]
[EventRounds "9"]
[EventCountry "LTU"]
[SourceTitle "CBM 173 Extra"]
[Source "ChessBase"]
[SourceDate "2016.08.29"]
[SourceVersion "1"]
[SourceVersionDate "2016.08.29"]
[SourceQuality "1"]

1. d4 Nf6 2. c4 e6 3. Bg5 c5 4. d5 d6 5. Nc3 e5 6. e4 Be7 7. Nf3 0-0 8. Be2 Nbd7 9. 0-0 Re8 10. h3 Nf8 11. Qc2 Ng6 12. Rfe1 Nh5 13. Bxe7 Qxe7 14. Bf1 Nhf4 15. Ne2 Nxe2+ 16. Rxe2 Nf4 17. Re3 Rf8 18. Nh2 f5 19. g3 Ng6 20. exf5 Bxf5 21. Bd3 Bxd3 22. Qxd3 Rae8 23. Qe4 Qd7 24. Ng4 Ne7 25. Rae1 Nf5 26. Rf3 Nd4 27. Rxf8+ Rxf8 28. Kg2 Nf3 29. Re2 h5 30. Nh2 Nd4 31. Re3 Qa4 32. g4 Qxc4 33. gxh5 Rf4 34. Qg6 Qxd5+ 35. f3 Rf6 36. Qe8+ Rf8 37. Qg6 Nf5 38. Re4 Qd2+ 39. Kh1 Qc1+ 40. Qg1 Ng3+ 41. Kg2 Qxg1+ 42. Kxg1 Nxe4 43. fxe4 Rf4 0-1

[Event "Plunge op 34th"]
[Site "Plateliai"]
[Date "2014.07.16"]
[Round "4"]
[White "Narmontas, Raimondas"]
[Black "Tamosiunas, Tomas"]
[Result "1/2-1/2"]
[WhiteElo "2044"]
[BlackElo "2017"]
[PlyCount "33"]
[EventDate "2014.07.14"]
[EventType "swiss"]
[EventRounds "9"]
[EventCountry "LTU"]
[SourceTitle "EXT 2015"]
[Source "ChessBase"]
[SourceDate "2014.11.20"]
[SourceVersion "1"]
[SourceVersionDate "2014.11.20"]
[SourceQuality "1"]

1. d4 Nf6 2. c3 d6 3. Nf3 g6 4. Bg5 Bg7 5. Qc1 0-0 6. Bh6 c5 7. Bxg7 Kxg7 8. g3 cxd4 9. Nxd4 Nc6 10. Bg2 Bd7 11. 0-0 Rc8 12. Qd2 Qa5 13. Na3 Qh5 14. h4 h6 15. Nxc6 Bxc6 16. Qe3 Qc5 17. Qxc5 1/2-1/2

[Event "Plunge op 34th"]
[Site "Plateliai"]
[Date "2014.07.15"]
[Round "3"]
[White "Tamosiunas, Tomas"]
[Black "Kalvaitis, Sigitas"]
[Result "1/2-1/2"]
[WhiteElo "2017"]
[BlackElo "2247"]
[PlyCount "22"]
[EventDate "2014.07.14"]
[EventType "swiss"]
[EventRounds "9"]
[EventCountry "LTU"]
[SourceTitle "EXT 2015"]
[Source "ChessBase"]
[SourceDate "2014.11.20"]
[SourceVersion "1"]
[SourceVersionDate "2014.11.20"]
[SourceQuality "1"]

1. d4 d5 2. c4 e5 3. dxe5 d4 4. Nf3 Nc6 5. a3 Nge7 6. Nbd2 Ng6 7. g3 Bg4 8. Bg2 Qd7 9. 0-0 0-0-0 10. Qa4 Kb8 11. b4 Ncxe5 1/2-1/2

[Event "LTU-chT"]
[Site "Vilnius"]
[Date "2013.01.19"]
[Round "1.5"]
[White "Tamosiunas, Tomas"]
[Black "Arulis, Algimantas I"]
[Result "1/2-1/2"]
[WhiteElo "2027"]
[BlackElo "2096"]
[PlyCount "102"]
[EventDate "2013.01.19"]
[EventType "team-swiss"]
[EventRounds "7"]
[EventCountry "LTU"]
[SourceTitle "CBM 152 Extra"]
[Source "ChessBase"]
[SourceDate "2013.02.25"]
[SourceVersion "1"]
[SourceVersionDate "2013.02.25"]
[SourceQuality "1"]
[WhiteTeam "Kaunas AG"]
[BlackTeam "Marijampole Suduva"]
[WhiteTeamCountry "LTU"]
[BlackTeamCountry "LTU"]

1. e4 c6 2. d4 d5 3. exd5 cxd5 4. c4 Nf6 5. Nc3 Nc6 6. Nf3 Be6 7. c5 g6 8. Bb5 Bg7 9. Ne5 Qc8 10. Qa4 Bd7 11. Nxd7 Qxd7 12. 0-0 0-0 13. Bf4 a6 14. Bxc6 bxc6 15. Be5 Qb7 16. b4 Bh6 17. Bxf6 exf6 18. Rab1 f5 19. Qb3 Bg7 20. Rfd1 f4 21. Ne2 Rfe8 22. Nxf4 Re4 23. Nd3 Bxd4 24. a4 Kf8 25. g3 Rb8 26. Qc2 Qe7 27. Nf4 Re8 28. Kg2 Qf6 29. h4 h6 30. Qd2 Bc3 31. Qc1 Kg7 32. b5 Rxa4 33. bxc6 d4 34. Rb6 Qe5 35. Qc2 Ra5 36. Rb7 Qf6 37. Kh2 Rxc5 38. c7 Rc8 39. Qe4 R8xc7 40. Rb8 Rc8 41. Rb7 R5c7 42. Rdb1 Qc6 43. Qe5+ Kg8 44. R1b6 d3 45. Qe3 Qc5 46. Qxc5 Rxc5 47. Nxd3 Rd5 48. Nf4 Rd2 49. Rxa6 Rxf2+ 50. Kh3 Rd8 51. Nxg6 fxg6 1/2-1/2

[Event "LTU-chT"]
[Site "Lithuania"]
[Date "2012.01.22"]
[Round "2"]
[White "Tamosiunas, Tomas"]
[Black "Stremavicius, Titas"]
[Result "1/2-1/2"]
[WhiteElo "2009"]
[BlackElo "2184"]
[PlyCount "108"]
[EventDate "2012.01.21"]
[EventType "team-swiss"]
[EventRounds "7"]
[EventCountry "LTU"]
[SourceTitle "CBM 146 Extra"]
[Source "ChessBase"]
[SourceDate "2012.02.29"]
[SourceVersion "1"]
[SourceVersionDate "2012.02.29"]
[SourceQuality "1"]
[WhiteTeam "Kaunas AG"]
[BlackTeam "Kaunas Margiris"]
[WhiteTeamCountry "LTU"]
[BlackTeamCountry "LTU"]

1. e4 c5 2. Nf3 Nc6 3. Bb5 d6 4. 0-0 Bd7 5. Re1 a6 6. Bf1 Bg4 7. c3 g6 8. h3 Bxf3 9. Qxf3 Bg7 10. d3 e5 11. Na3 b5 12. Nc2 Rb8 13. Qd1 Nge7 14. Be3 f5 15. f3 Qb6 16. b4 0-0 17. Qd2 f4 18. Bf2 Rbc8 19. Rad1 Rfd8 20. a3 g5 21. Na1 Ng6 22. Nb3 Nb8 23. d4 exd4 24. cxd4 c4 25. d5 Qc7 26. Nd4 Bxd4 27. Bxd4 Nd7 28. Qc3 Nde5 29. Ra1 Ra8 30. a4 Qg7 31. axb5 axb5 32. Rxa8 Rxa8 33. Ra1 Qb7 34. Ra3 Kg7 35. Qa1 Rxa3 36. Qxa3 h5 37. Kf2 Kh6 38. Qa7 Qc8 39. Bc3 g4 40. hxg4 hxg4 41. Qb6 Qd7 42. Qb8 Qe7 43. Ke2 Qd7 44. Bd2 Nd3 45. Kd1 Kg5 46. Kc2 Nde5 47. Be2 gxf3 48. gxf3 Nh4 49. Qf8 Neg6 50. Qb8 Ng2 51. Qb6 Kf6 52. Qf2 Qh3 53. Qb6 Qd7 54. Qf2 Qh3 1/2-1/2

[Event "Plunge op 31st"]
[Site "Plunge"]
[Date "2011.07.24"]
[Round "9"]
[White "Zalimaite, Ieva"]
[Black "Tamosiunas, Tomas"]
[Result "1/2-1/2"]
[WhiteElo "1902"]
[BlackElo "2014"]
[PlyCount "81"]
[EventDate "2011.07.19"]
[EventType "swiss"]
[EventRounds "9"]
[EventCountry "LTU"]
[SourceTitle "EXT 2012"]
[Source "ChessBase"]
[SourceDate "2011.11.24"]
[SourceVersion "1"]
[SourceVersionDate "2011.11.24"]
[SourceQuality "1"]

1. c4 Nf6 2. Nc3 g6 3. g3 Bg7 4. Bg2 d6 5. d3 c5 6. e3 0-0 7. Nge2 e5 8. 0-0 Nc6 9. a3 Be6 10. Rb1 Rc8 11. b4 b6 12. Qa4 Qd7 13. Nd5 Bxd5 14. cxd5 Ne7 15. Qb3 Rc7 16. Bb2 Rfc8 17. Rfc1 h5 18. h3 Nh7 19. f4 Nf5 20. e4 Ne3 21. a4 c4 22. dxc4 Nxc4 23. Bc3 b5 24. axb5 Qxb5 25. Be1 h4 26. gxh4 exf4 27. Nxf4 Qb6+ 28. Kh1 Bh6 29. Qg3 Qe3 30. Qxe3 Nxe3 31. Rxc7 Rxc7 32. Ne2 Nc4 33. Ra1 Be3 34. Bc3 Nf8 35. Nd4 Nd7 36. Nc6 Nde5 37. Ra6 Bb6 38. b5 Nd3 39. Bf1 Nce5 40. Ra4 Nc5 41. Rb4 1/2-1/2

[Event "Plunge op 31st"]
[Site "Plunge"]
[Date "2011.07.21"]
[Round "5"]
[White "Tamosiunas, Tomas"]
[Black "Slusnys, Evaldas"]
[Result "1/2-1/2"]
[WhiteElo "2014"]
[BlackElo "1895"]
[PlyCount "109"]
[EventDate "2011.07.19"]
[EventType "swiss"]
[EventRounds "9"]
[EventCountry "LTU"]
[SourceTitle "EXT 2012"]
[Source "ChessBase"]
[SourceDate "2011.11.24"]
[SourceVersion "1"]
[SourceVersionDate "2011.11.24"]
[SourceQuality "1"]

1. e4 e5 2. Nf3 Nc6 3. Bb5 a6 4. Ba4 Nf6 5. 0-0 Nxe4 6. d4 Be7 7. Qe2 Nf6 8. dxe5 Nd5 9. Bb3 Nb6 10. c3 0-0 11. Nd4 Nxd4 12. cxd4 d5 13. Bf4 Be6 14. Nd2 Nd7 15. Be3 c5 16. f4 c4 17. f5 cxb3 18. Nxb3 Qb6 19. fxe6 Qxe6 20. Rac1 Rac8 21. Nd2 f6 22. exf6 Bxf6 23. Qd3 Rfe8 24. Bf2 Rxc1 25. Rxc1 Nb8 26. Re1 Qd7 27. Rxe8+ Qxe8 28. Qb3 Qd7 29. Ne4 Nc6 30. Nxf6+ gxf6 31. Qg3+ Qg7 32. Qd6 Qf7 33. h3 Kg7 34. b4 Qe7 35. Qxd5 Qxb4 36. Qd7+ Qe7 37. Qg4+ Kf7 38. Qf5 Kg7 39. h4 Qe2 40. Qd7+ Kg6 41. h5+ Kh6 42. g4 Qe4 43. Qc8 Nxd4 44. Qf8+ Kg5 45. Qg7+ Kf4 46. Qxf6+ Kxg4 47. Qxd4 Qxd4 48. Bxd4 Kxh5 49. Kf2 Kg4 50. Ke3 Kf5 51. a4 b5 52. axb5 axb5 53. Kd3 Ke6 54. Kc3 Kd5 55. Bf6 1/2-1/2

[Event "LTU-chT2"]
[Site "Lithuania"]
[Date "2010.01.17"]
[Round "5.14"]
[White "Vaitonis, Vytautas"]
[Black "Tamosiunas, Tomas"]
[Result "1/2-1/2"]
[WhiteElo "2051"]
[BlackElo "2001"]
[PlyCount "41"]
[EventDate "2009.11.07"]
[EventType "team-tourn"]
[EventRounds "9"]
[EventCountry "LTU"]
[SourceTitle "EXT 2022"]
[Source "ChessBase"]
[SourceDate "2021.10.06"]
[SourceVersion "1"]
[SourceVersionDate "2021.10.06"]
[SourceQuality "1"]

1. d4 Nf6 2. Nf3 e6 3. c4 Bb4+ 4. Bd2 Bxd2+ 5. Qxd2 d6 6. Nc3 Nbd7 7. g3 0-0 8. Bg2 Re8 9. 0-0 e5 10. e3 h6 11. Qc2 c6 12. Nd2 exd4 13. exd4 Nf8 14. Rae1 Bg4 15. h3 Rxe1 16. Rxe1 Bd7 17. Nde4 Bf5 18. Qd2 Nxe4 19. Nxe4 Qd7 20. Kh2 Re8 21. Nc3 1/2-1/2

[Event "LTU-chT1 0809 fin A 4th"]
[Site "Lithuania"]
[Date "2009.03.01"]
[Round "7.34"]
[White "Tamosiunas, Tomas"]
[Black "Janusevicius, Andrius"]
[Result "1-0"]
[WhiteElo "1954"]
[BlackElo "2111"]
[PlyCount "115"]
[EventDate "2009.02.08"]
[EventType "team-tourn"]
[EventRounds "4"]
[EventCountry "LTU"]
[SourceTitle "EXT 2024"]
[Source "ChessBase"]
[SourceDate "2023.10.10"]
[SourceVersion "1"]
[SourceVersionDate "2023.10.10"]
[SourceQuality "1"]
[WhiteTeam "Kaunas Margiris II"]
[BlackTeam "Kretinga Akmena"]
[WhiteTeamCountry "LTU"]
[BlackTeamCountry "LTU"]

1. e4 c5 2. Nf3 d6 3. Bb5+ Bd7 4. Bxd7+ Qxd7 5. c4 Nc6 6. Nc3 Nf6 7. 0-0 g6 8. d4 cxd4 9. Nxd4 Bg7 10. Nde2 0-0 11. f3 Rac8 12. Be3 b6 13. Rc1 Ne5 14. b3 Qb7 15. Qd2 a6 16. Nd4 Nc6 17. Nxc6 Qxc6 18. Nd5 Nxd5 19. cxd5 Qb7 20. Rxc8 Rxc8 21. Rc1 b5 22. Rc2 Kf8 23. Rxc8+ Qxc8 24. Qa5 Bc3 25. Qb6 Ke8 26. a4 bxa4 27. bxa4 f5 28. exf5 gxf5 29. Qb1 f4 30. Bf2 Be5 31. h3 Qc4 32. Qe4 Qc1+ 33. Qe1 Qc4 34. Qe4 Qb3 35. Qxh7 Qxd5 36. Qg6+ Kd8 37. Bb6+ Kd7 38. Qe4 Qd1+ 39. Kh2 Ke6 40. Qg6+ Kd7 41. a5 Qb3 42. h4 Qe6 43. Qg4 d5 44. Kg1 d4 45. Kf1 d3 46. h5 Bc3 47. h6 Kd6 48. Bc7+ Kd5 49. Qxe6+ Kxe6 50. Bxf4 Bxa5 51. Be5 Kxe5 52. h7 Kd4 53. h8Q+ e5 54. f4 d2 55. Ke2 Kc3 56. Qxe5+ Kc2 57. Qe4+ Kc1 58. Qc4+ 1-0

[Event "LTU-chT1 4th 0809 pre group B"]
[Site "Lithuania"]
[Date "2009.01.11"]
[Round "5.4"]
[White "Tamosiunas, Tomas"]
[Black "Belevicius, Arturas"]
[Result "1-0"]
[WhiteElo "1954"]
[BlackElo "2103"]
[PlyCount "74"]
[EventDate "2008.11.08"]
[EventType "team-tourn"]
[EventRounds "5"]
[EventCountry "LTU"]
[SourceTitle "EXT 2024"]
[Source "ChessBase"]
[SourceDate "2023.10.10"]
[SourceVersion "1"]
[SourceVersionDate "2023.10.10"]
[SourceQuality "1"]
[WhiteTeam "Kaunas Margiris II"]
[BlackTeam "Marijampole Suduva"]
[WhiteTeamCountry "LTU"]
[BlackTeamCountry "LTU"]

1. e4 d5 2. exd5 Nf6 3. c4 c6 4. d4 cxd5 5. Nc3 Nc6 6. Nf3 e6 7. Bf4 Bd6 8. Bxd6 Qxd6 9. c5 Qf4 10. g3 Qb8 11. Bg2 0-0 12. 0-0 b6 13. cxb6 axb6 14. Re1 Ba6 15. a3 Bc4 16. Ne5 Nxe5 17. dxe5 Nd7 18. b3 Ba6 19. f4 Rc8 20. Ne4 Nxe5 21. Ng5 Nd3 22. Qh5 Qc7 23. Qxh7+ Kf8 24. h4 Nxe1 25. Rxe1 Qc3 26. Nf3 Bd3 27. Qh8+ Ke7 28. Qh5 g6 29. Qg5+ f6 30. Qh6 Be4 31. Qg7+ Kd6 32. Rf1 Rc7 33. Qh6 Qe3+ 34. Kh1 Rc1 35. Rxc1 Qxc1+ 36. Kh2 Qe3 37. Ne5 fxe5 1-0